Szczegóły MARC21

Melodys Ring : die Songs /

001 -Numer kontrolny rekordu [,]
    • @
    • pole kontrolne
    • xx005489329
003 -Nazwa instytucji [,]
    • @
    • pole kontrolne
    • NUKAT
005 -Data i czas ostatniej zmiany [,]
    • @
    • Data ostatniej zmiany
    • 20241231112134.0
007 -Forma fizyczna dokumentu dźwiękowego [,]
    • @
    • Forma fizyczna dokumentu dźwiękowego
    • sd fsngnnmmned
008 -Pole stałej długości [,]
    • @
    • pole
    • 230119s2000 pl ppnng n pol c
035 -Inne numery kontrolne [ , ]
    • a
    • Numer kontrolny
    • (OCoLC)1369082312
040 -Instytucja sporządzająca opis [ , ]
    • c
    • Instytucja, która sporządziła rekord (NP)
    • SZCZ U/KPs
942 -Rodzaj dokumentu [ , ]
    • c
    • Rodzaj dokumentu
    • Dokument Dźwiękowy - płyta
100 -Hasło główne - nazwa osobowa [1, ]
    • a
    • Nazwa osobowa (NP)
    • Ludwig, Volker
    • d
    • Daty biograficzne (NP)
    • (1937- ).
    • e
    • RRodzaj współpracy
    • Autor
245 -Strefa tytułu i oznaczenia odpowiedzialności [1,0]
    • a
    • Tytuł
    • Melodys Ring :
    • b
    • Ciąg dalszy tytułu (NP)
    • die Songs /
    • c
    • Pozostałe elementy strefy tytułu i oznaczenia odpowiedzialności (NP)
    • Volker Ludwig, Birger Heymann ; mit dem Grips-Ensemble und der Rockband NO ENTRY.
260 -Strefa adresu wydawniczego [ , ]
    • a
    • Miejsce wydania (P)
    • Berlin :
    • b
    • Nazwa wydawcy (P)
    • Grips Theater,
    • c
    • Data wydania (P)
    • 2000.
300 -Strefa opisu fizycznego [ , ]
    • a
    • Określenie formy książki i/lub objętość (NP)
    • 1 płyta CD (78 min) :
    • b
    • Inne szczegóły opisu fizycznego (NP)
    • digital, stereo ;
    • c
    • Format (NP)
    • 12 cm.
306 -Czas nagrania [ , ]
    • a
    • Czas nagrania
    • 011800
336 -Typ zawartości [ , ]
    • a
    • Termin określający typ nośnika
    • Muzyka
    • b
    • Kod określający zawartość
    • prm
    • 2
    • Źródło (termin i kod)
    • rdacontent
337 -Typ mediów [ , ]
    • a
    • Tryb odtwarzania
    • Audio
    • b
    • Kod typu nośnika
    • s
    • 2
    • Źródło (termin i kod)
    • rdamedia
338 -Typ/rodzaj nośnika [ , ]
    • a
    • Hasło opisujące typ nośnika
    • Płyta audio
    • b
    • Kod typu nośnika
    • sd
    • 2
    • Źródło (termin i kod)
    • rdacarrier
380 -Deskryptor - Forma dzieła (P) [ , ]
    • a
    • forma dzieła (NP)
    • Muzyka
500 -Uwaga ogólna [ , ]
    • a
    • Uwaga ogólna (NP)
    • Zapis przedstawienia muzycznego w GRIPS Theater Berlin, w 2000 roku.
650 -Hasło przedmiotowe - nazwa pospolita [ ,7]
    • a
    • Hasło przedmiotowe
    • Teatr muzyczny
    • z
    • Określnik geograficzny
    • Niemcy
    • y
    • Określnik chronologiczny
    • 1990-.
650 -Hasło przedmiotowe - nazwa pospolita [ ,7]
    • a
    • Hasło przedmiotowe
    • Musicale
    • z
    • Określnik geograficzny
    • Niemcy
    • y
    • Określnik chronologiczny
    • 1990-.
655 -Hasło przedmiotowe - forma [ ,7]
    • a
    • Określenie rzeczowe
    • Piosenki dziecięce.
700 -Hasło dodatkowe - nazwa osobowa [1, ]
    • a
    • Nazwa osobowa (NP)
    • Heymann, Birger
    • d
    • Daty biograficzne (NP)
    • (1943-2012).
    • e
    • Określenie rodzaju współpracy (NP)
    • Autor
710 -Hasło dodatkowe - nazwa ciała zbiorowego [2, ]
    • a
    • Nazwa ciała zbiorowego lub nazwa geograficzna jako pierwszy element (NP)
    • GRIPS Theater.
    • e
    • Rodzaj współpracy
    • Wydawca
    • 9
    • KHW
    • 295519
710 -Hasło dodatkowe - nazwa ciała zbiorowego [2, ]
    • a
    • Nazwa ciała zbiorowego lub nazwa geograficzna jako pierwszy element (NP)
    • No Entry.
    • e
    • Rodzaj współpracy
    • Autor
    • 9
    • KHW
    • 668414
Numer inwentarzowy Kierowanie Sposób nabycia Data inwentaryzacji Cena Status udostępniania Akcesja Kod kreskowy Data wprowadzenia opisu Sygnatura
Ad.3036BMd2023-03-1410.00-322d103/920050200303632022-02-04Germ. Muzyka (CD) 03